Nenne einen passenden deutschen (Ex-) Nationalspieler - Statistiken

Allgemein
  • Dieses Quiz wurde 227 mal gespielt
  • Das Durchschnittsergebnis liegt bei 21 aus 31
Antwortstatistiken
Hint Hint 2 Antwort % Korrekt
Torwart 57 mal ohne Gegentor in der Champions League Manuel Neuer
89%
Zentrales Mittelfeld 400+ Spiele für Real Madrid Toni Kroos
88%
Offensives Mittelfeld hält alleinig den Rekord für die meisten Titel eines deutschen Spielers Thomas Müller
87%
Torwart Premier League Bernd Leno
86%
Stürmer WM-Rekordtorschütze Miroslav Klose
85%
Stürmer allein 14 Dönerläden in Köln,3 in Düsseldorf und 1 in Berlin Lukas Podolski
79%
Stürmer schoss zwei Tore bei der WM 2022 in Katar Niclas Füllkrug
79%
Offensives Mittelfeld "MACH IHN! ER MACHT IIIIHHHNN..." Mario Götze
78%
Offensives Mittelfeld schoss Bayern München 2022/2023 zum Meistertitel gegen Mainz Jamal Musiala
77%
Defensives Mittelfeld wahrscheinlich der erste Spieler der nicht mitbekam, dass er Weltmeister wurde Christoph Kramer
76%
Außenverteidiger/ defensives Mittelfeld bekam nur 44 Gelbe Karte in seiner Profilaufbahn aber noch keine Rote Philipp Lahm
75%
Innenverteidiger Borussia Mönchengladbach und Freiburg Matthias Ginter
74%
Flügelspieler/Offensives Mittelfeld Schalker Jung, ehemals PSG, aktuell in Katar unterwegs Julian Draxler
73%
Stürmer/ offensives Mittelfeld kann mitlerweile auch Linksverteidiger Kai Havertz
73%
Stürmer ehemals AS Monaco und Bayer Leverkusen, spielt aktuell in der Bundesliga Kevin Volland
73%
Linksverteidiger / Linksaußen spielte schon bei 2 Serie A Mannschaften ( von 2017 bis 2023) Robin Gosens
73%
Linker Flügel wurde 2018 nicht für die WM nominiert Leroy Sane
72%
Offensives Mittelfeld eine gewisse Ähnlichkeit mit Enzo Ferrari Mesut Özil
72%
Stürmer "I play a lot of Fortnite", spielte für 2 Vereine in London Timo Werner
70%
Linksverteidiger Rekordspieler des SC Freiburg Christian Günter
68%
Stürmer ehemals Meppen und Union Saint Gilloise Deniz Undav
65%
Innenverteidiger einer der zwei Präsidenten in der Ballerleague Mats Hummels
63%
Rechtsverteidiger Dönerwerfer Kevin Großkreuz
60%
Rechtsverteidiger ehemals AS Monaco Benjamin Henrichs
58%
Innenverteidiger ehemals Leeds United und SC Freiburg Robin Koch
58%
Linksverteidiger im Sommer 2023 bei Hertha BSC aussortiert und immernoch vereinslos Marvin Plattenhardt
57%
Stürmer ehemals Sandhausen, Saarbrücken und Union Berlin Kevin Behrens
47%
Zentrales Mittelfeld wenn man obdachlos ist braucht man ein ... Florian Neuhaus
46%
Defensives Mittelfeld Trainer ist ehemaliger Fußballspieler bei Real Madrid Robert Andrich
36%
Linksverteidiger Borussia Mönchengladbach Luca Netz
29%
Mittelfeld Borussia Mönchengladbach Rocco Reitz
15%
Keine übereinstimmenden Quizze gefunden
Verteilung der Resultate
Anzahl Personen mit jedem Resultat
Perzentil nach korrekt beantworteten Fragen
Ihre Resultats-Entwicklung
Sie haben dieses Quiz noch nicht gespielt